Pojďte s námi programovat!
Základné pojmy, ktoré sa viažu k algoritmizácii a programovaniu. Program = dáta + algoritmus. Vlastnosti algoritmov - jednoznačnosť, všeobecnosť, rezultatívnosť, konečnosť, efektívnosť. Algoritmizácia. Prostriedky pre vyjadrovanie algoritmov. Programovací jazyk, zdrojový kód a strojový kód. Kontroln...
Salvato in:
| Autore principale: | |
|---|---|
| Natura: | Capitolo di libro |
| Lingua: | ceco |
| Soggetti: | |
| Tags: |
Nessun Tag, puoi essere il primo ad aggiungerne!!
|
MARC
| LEADER | 00000naa$a2200000$$$4500 | ||
|---|---|---|---|
| 001 | 0076913 | ||
| 005 | 20250626123951.1 | ||
| 041 | 0 | |a cze | |
| 044 | |a CZ | ||
| 245 | 1 | 0 | |a Pojďte s námi programovat! |c Ján Hanák |
| 520 | |a Základné pojmy, ktoré sa viažu k algoritmizácii a programovaniu. Program = dáta + algoritmus. Vlastnosti algoritmov - jednoznačnosť, všeobecnosť, rezultatívnosť, konečnosť, efektívnosť. Algoritmizácia. Prostriedky pre vyjadrovanie algoritmov. Programovací jazyk, zdrojový kód a strojový kód. Kontrolné otázky a praktické cvičenie. | ||
| 610 | 2 | 0 | |a programovanie |
| 610 | 2 | 0 | |a jazyky programovacie |
| 610 | 2 | 0 | |a algoritmy |
| 610 | 2 | 0 | |a kódy |
| 100 | 1 | |a Hanák, Ján | |